Statistics for Guess All Countries That Officially Use ___ Language #3

Click here to take the quiz!

General Stats

  • This quiz has been taken 97 times
  • The average score is 6 of 8

Answers on the Map

Answers color-coded by a green-red scale on the quiz's map according to % correct below.
 

Answer Stats

HintAnswer% Correct
OfficialBrazil
99%
OfficialPortugal
99%
OfficialAngola
80%
OfficialSão Tomé And Príncipe
80%
OfficialMozambique
76%
OfficialCape Verde
74%
OfficialGuinea-Bissau
64%
OfficialEast Timor
57%

Score Distribution

Percentile by Number Answered

Percent of People with Each Score

Your Score History

You have not taken this quiz